Statystyki dla Tablice rejestracyjne miast/powiatów w woj. łódzkim

Kliknij tutaj aby rozwiązać quiz!

Ogólne statystyki

  • Ten quiz został rozwiązany 985 razy
  • Średni wynik to 23 z 24

Statystyki odpowiedzi

Miasto / powiatRejestracja% Poprawnych
ŁódźEL
99%
Piotrków TrybunalskiEP
99%
SkierniewiceES
99%
powiat łaskiELA
96%
powiat łódzki wschodniELW
96%
powiat pabianickiEPA
96%
powiat piotrkowskiEPI
96%
powiat radomszczańskiERA
96%
powiat skierniewickiESK
96%
powiat zduńskowolskiEZD
96%
powiat zgierskiEZG
96%
powiat bełchatowskiEBE
95%
powiat brzezińskiEBR
95%
powiat kutnowskiEKU
95%
powiat opoczyńskiEOP
95%
powiat poddębickiEPD
95%
powiat sieradzkiESI
95%
powiat tomaszowskiETM
95%
powiat łęczyckiELE
94%
powiat rawskiERW
94%
powiat wieluńskiEWI
94%
powiat pajęczańskiEPJ
93%
powiat wieruszowskiEWE
90%
powiat łowickiELC
86%

Rozkład punktacji

Percentyl według liczby udzielonych odpowiedzi

Procent ludzi z każdym wynikiem

Twoja historia wyników

Nie rozwiązałeś tego quizu